000
00227nam a2200097Ia 4500
008
240331s9999 xx 000 0 und d
082
_b
MAU
100
_a
Maunaguru, C
245
0
_a
Sankaram :
_b
avaikattukaiyum thakkamum
942
_c
L
999
_c
3674
_d
3674